000 00439nam a2200145 a 4500
005 20140412111403.0
008 060309s19uu xx 00 eng d
050 _aTR(GS 428.4
_bSp32 1997
245 _aThe Spelling bee, C1 /
_cillustrations by Sally Springer.
260 _aChicago, Ill :
_bWorld Book, Int'l,
_c1997.
300 _a12 p. ; ill.
440 _aWorld Book, Level C
650 _aReading
_xEnglish language
999 _c105495
_d105495